[Event "Hastings Masters"]
[Site "Hastings, England"]
[Date "2012.12.28"]
[Round "1"]
[White "McKenna, Jason P"]
[Black "Gibbs, Daniel C"]
[Result "1-0"]
[WhiteElo "2102"]
[BlackElo "1795"]
[PlyCount "117"]
[EventDate "2012.??.??"]

1. e4 g6 2. d4 Bg7 3. Nc3 d6 4. Be3 Nf6 5. Qd2 c6 6. Nf3 O-O 7. h3 Nbd7 8. e5
Nd5 9. Nxd5 cxd5 10. exd6 exd6 11. Bd3 Nf6 12. O-O Ne4 13. Qb4 Qf6 14. Nh2 Qe7
15. Rfe1 Qc7 16. Rac1 a5 17. Qb3 Be6 18. c4 a4 19. Qd1 Qd8 20. Bxe4 dxe4 21. d5
Bd7 22. Bd4 f5 23. Rc3 a3 24. b3 Bxd4 25. Qxd4 Qf6 26. Qxf6 Rxf6 27. f3 Re8 28.
Rce3 b5 29. fxe4 bxc4 30. bxc4 Ra8 31. exf5 Rxf5 32. Re7 Ba4 33. R1e3 Bc2 34.
Rb7 Rf7 35. Rb6 Rc7 36. Rc3 Be4 37. Ng4 Kg7 38. Rbb3 h5 39. Nf2 Bf5 40. Nd1 Ra4
41. Ne3 Bc8 42. Rxa3 Rca7 43. Rxa4 Rxa4 44. a3 Kf6 45. Nc2 Ba6 46. Nb4 Bb7 47.
Re3 Bc8 48. Kf2 Ra5 49. Ke2 Bd7 50. Kd2 Rc5 51. Kd3 h4 52. Kd4 Kg5 53. Nd3 Ra5
54. Nf2 Ra6 55. Ne4+ Kh6 56. Rb3 g5 57. c5 Ra4+ 58. Rb4 dxc5+ 59. Nxc5 1-0

[Event "Hastings Masters"]
[Site "Hastings, England"]
[Date "2012.12.28"]
[Round "1"]
[White "Higgs, Joshua"]
[Black "Jones, William E G"]
[Result "0-1"]
[WhiteElo "1792"]
[BlackElo "2094"]
[PlyCount "86"]
[EventDate "2012.??.??"]

1. e4 c5 2. c3 Nf6 3. e5 Nd5 4. d4 cxd4 5. Nf3 Nc6 6. cxd4 d6 7. Bc4 e6 8. O-O
Be7 9. Re1 O-O 10. Nc3 dxe5 11. dxe5 Nxc3 12. bxc3 Qxd1 13. Rxd1 Bc5 14. Bg5 h6
15. Bh4 b6 16. Bb5 Ne7 17. Bxe7 Bxe7 18. Bc6 Rb8 19. Nd4 Bb7 20. Rd3 Rfd8 21.
Rad1 Rxd4 22. Rxd4 Bxc6 23. Rc4 Bc5 24. Rg4 Kf8 25. h4 h5 26. Rg3 g6 27. Rgd3
Ke7 28. c4 a5 29. R1d2 a4 30. a3 Rb7 31. Kf1 b5 32. Rb2 bxc4 33. Rxb7+ Bxb7 34.
Rc3 Bd4 35. Rc2 Be4 36. Rd2 Bd3+ 37. Kg1 Bxe5 38. g3 Bd6 39. Kg2 Bxa3 40. Ra2
Bc1 41. Rxa4 c3 42. Ra7+ Kd6 43. Ra8 Be4+ 0-1

[Event "Hastings Masters"]
[Site "Hastings, England"]
[Date "2012.12.28"]
[Round "1"]
[White "Gregory, Stephen J"]
[Black "Gunn, Michael J"]
[Result "1-0"]
[WhiteElo "2086"]
[BlackElo "1772"]
[PlyCount "133"]
[EventDate "2012.??.??"]

1. e4 e6 2. d3 c5 3. Nf3 Nc6 4. g3 g6 5. Bg2 Bg7 6. O-O Nge7 7. Re1 d6 8. c3 e5
9. a3 O-O 10. b4 h6 11. Nbd2 Be6 12. h3 Qd7 13. Kh2 b6 14. Bb2 Rab8 15. b5 Nd8
16. a4 f5 17. Qe2 g5 18. exf5 Bxf5 19. d4 Nf7 20. dxe5 dxe5 21. Ne4 Rbd8 22.
Rad1 Qe6 23. a5 Nd6 24. Nxd6 Rxd6 25. Rxd6 Qxd6 26. Nxe5 Ng6 27. Nxg6 Qxg6 28.
axb6 axb6 29. Kg1 Qf6 30. Ba1 Qf7 31. Qd2 Kh8 32. Bd5 Qd7 33. c4 Bxh3 34. Bxg7+
Qxg7 35. Qe3 Bc8 36. Qe7 Kh7 37. Qd6 Qf6 38. Re7+ Kg6 39. Be4+ Bf5 40. Re6 Bxe4
41. Rxf6+ Rxf6 42. Qe5 Bf3 43. Kf1 Kf7 44. Qc7+ Kg6 45. Qd7 Rf7 46. Qe6+ Rf6
47. Qg8+ Kf5 48. Qc8+ Kg6 49. Qd7 Rf7 50. Qd3+ Kg7 51. Ke1 Re7+ 52. Kd2 Rf7 53.
Qd8 Rf6 54. Qc7+ Kg6 55. Qd7 Rf7 56. Qe8 Kg7 57. Ke3 Rf6 58. Qe7+ Rf7 59. Qd8
Rf6 60. Qc8 Rf7 61. g4 Rf6 62. Qd7+ Rf7 63. Qxf7+ Kxf7 64. Kxf3 Kg6 65. Ke4 h5
66. gxh5+ Kxh5 67. Kd5 1-0

[Event "Hastings Masters"]
[Site "Hastings, England"]
[Date "2012.12.28"]
[Round "1"]
[White "Macrae, James S"]
[Black "Barton, R Alan"]
[Result "0-1"]
[WhiteElo "1717"]
[BlackElo "2080"]
[PlyCount "148"]
[EventDate "2012.??.??"]

1. d4 e6 2. Nc3 Bb4 3. a3 Bxc3+ 4. bxc3 b6 5. e3 Bb7 6. Qg4 Nf6 7. Qg3 d6 8.
Be2 Nbd7 9. Bf3 Bxf3 10. Qxf3 d5 11. Ne2 c5 12. a4 Rc8 13. O-O O-O 14. Bb2 Qc7
15. Rfc1 Ne4 16. Nf4 Nd2 17. Qe2 Nc4 18. Ra2 Rfe8 19. Ba1 Nf6 20. Nd3 h6 21.
Nb2 cxd4 22. cxd4 Ne4 23. Qd3 Ned6 24. c3 Qc6 25. Nd1 Nb7 26. Qc2 Nba5 27. Bb2
Qd6 28. Rca1 e5 29. dxe5 Rxe5 30. Ba3 Nxa3 31. Rxa3 d4 32. Qd3 Nc4 33. Rb3 dxe3
34. Qxd6 exf2+ 35. Nxf2 Nxd6 36. Rd1 Rce8 37. Nd3 Rd5 38. Rbb1 Ne4 39. Rbc1
Red8 40. Nb2 Rxd1+ 41. Nxd1 Kf8 42. c4 Rd4 43. Nf2 Nc5 44. Kf1 Rf4 45. Rc2 Nd3
46. Re2 a5 47. Kg1 Nxf2 48. Rxf2 Rxc4 49. Rb2 Rb4 50. Ra2 Ke7 51. Kf2 Kd6 52.
Ke3 Kc5 53. Kd3 Rc4 54. Ra1 f5 55. Ra2 f4 56. Ra1 g5 57. Ra2 g4 58. Ra1 h5 59.
Ra2 Kd5 60. Ra1 Rb4 61. Kc3 Ke4 62. Re1+ Kf5 63. Ra1 h4 64. Ra2 g3 65. hxg3
hxg3 66. Ra1 Kg4 67. Ra2 f3 68. gxf3+ Kxf3 69. Ra1 g2 70. Kd3 Rxa4 71. Rc1 Ra3+
72. Kc4 Kf2 73. Rc2+ Kg3 74. Rc1 Kh2 0-1

[Event "Hastings Masters"]
[Site "Hastings, England"]
[Date "2012.12.28"]
[Round "1"]
[White "Ramstad, Havard"]
[Black "Pooley, Mark C"]
[Result "1-0"]
[WhiteElo "2071"]
[BlackElo "1693"]
[PlyCount "65"]
[EventDate "2012.??.??"]

1. d4 Nf6 2. c4 c6 3. Nc3 d5 4. Nf3 Bg4 5. Ne5 Bf5 6. cxd5 Nxd5 7. Qb3 Bc8 8.
e4 f6 9. exd5 fxe5 10. Bc4 Qb6 11. dxe5 Qxb3 12. axb3 b5 13. Be2 Bb7 14. dxc6
Nxc6 15. Nxb5 Kf7 16. Bc4+ e6 17. Nc7 Bb4+ 18. Kf1 Rad8 19. Bg5 Be7 20. Nxe6
Kg6 21. Bxe7 Nxe7 22. Nxd8 Rxd8 23. Ke2 Nc6 24. f4 Nd4+ 25. Kf2 Nc2 26. Rad1
Nd4 27. Rhe1 Nc6 28. Rxd8 Nxd8 29. Rd1 Nc6 30. g4 Kh6 31. Rd6+ g6 32. g5+ Kh5
33. Kg3 1-0

[Event "Hastings Masters"]
[Site "Hastings, England"]
[Date "2012.12.28"]
[Round "1"]
[White "Mitchell, Robert"]
[Black "Wadsworth, Matthew J"]
[Result "0-1"]
[WhiteElo "1690"]
[BlackElo "2067"]
[PlyCount "60"]
[EventDate "2012.??.??"]

1. d4 d5 2. Nf3 Nf6 3. e3 c5 4. b3 Nc6 5. Bd3 Bg4 6. a3 cxd4 7. O-O e5 8. Be2
Bxf3 9. Bxf3 Bc5 10. exd4 Nxd4 11. Bb2 O-O 12. b4 Bb6 13. Nd2 Re8 14. Rc1 Nxf3+
15. Nxf3 d4 16. Re1 Qd5 17. c4 dxc3 18. Bxc3 Qxd1 19. Rcxd1 Ng4 20. Re2 Rad8
21. Rxd8 Rxd8 22. h3 Rd1+ 23. Ne1 Nxf2 24. Rxf2 Rc1 25. Bd2 Ra1 26. Kf1 Bxf2
27. Kxf2 Rxa3 28. Nf3 f6 29. Be3 b6 30. Nd2 Ra4 0-1

[Event "Hastings Masters"]
[Site "Hastings, England"]
[Date "2012.12.28"]
[Round "1"]
[White "Safarian, Alek"]
[Black "Willson, Ollie"]
[Result "1-0"]
[WhiteElo "2050"]
[BlackElo "1650"]
[PlyCount "75"]
[EventDate "2012.??.??"]

1. d4 Nf6 2. c4 c5 3. d5 e6 4. Nc3 exd5 5. Nxd5 Nxd5 6. Qxd5 Nc6 7. e4 d6 8.
Be3 Be7 9. Qd2 O-O 10. Ne2 Be6 11. Nc3 a6 12. Be2 Bf6 13. O-O Nd4 14. Bd3 Rb8
15. Ne2 Nxe2+ 16. Bxe2 Qc7 17. f4 b5 18. cxb5 axb5 19. g4 Bd7 20. g5 Be7 21. f5
Rfe8 22. Bg4 Bf8 23. Bf3 Bc6 24. Rfe1 Rbd8 25. Qg2 g6 26. f6 c4 27. Rad1 Qb6
28. Kh1 b4 29. Qg3 Qb7 30. Qg2 c3 31. bxc3 bxc3 32. Rc1 Qb2 33. Qxb2 cxb2 34.
Rxc6 Ra8 35. Rb6 Rxa2 36. Rb1 d5 37. R6xb2 Ra4 38. Rb8 1-0

[Event "Hastings Masters"]
[Site "Hastings, England"]
[Date "2012.12.28"]
[Round "1"]
[White "Kent, Paul"]
[Black "Armstrong, Malcolm J"]
[Result "0-1"]
[WhiteElo "1596"]
[BlackElo "2046"]
[PlyCount "86"]
[EventDate "2012.??.??"]

1. d4 d5 2. Nf3 Nf6 3. c4 e6 4. Nc3 Be7 5. Bg5 O-O 6. e3 h6 7. Bxf6 Bxf6 8. Bd3
c6 9. O-O Nd7 10. e4 dxe4 11. Nxe4 b6 12. Nxf6+ Qxf6 13. Bc2 Bb7 14. Qd3 g6 15.
Ne5 Nxe5 16. dxe5 Qxe5 17. Rfe1 Qxb2 18. Rab1 Qf6 19. c5 Rfd8 20. Qe3 b5 21.
Qxh6 Rd5 22. Bb3 Rd4 23. Rbd1 Rad8 24. Qc1 a5 25. Rxd4 Rxd4 26. h3 a4 27. Bd1
Bc8 28. Bf3 Bd7 29. a3 Kg7 30. Qc3 e5 31. Qe3 Qf4 32. Qe2 Rd2 33. Qxe5+ Qxe5
34. Rxe5 Kf6 35. Re3 Rc2 36. Bd1 Rxc5 37. g4 Be6 38. Kf1 g5 39. Ke2 Bc4+ 40.
Kd2 Rd5+ 41. Kc1 Rd3 42. Rxd3 Bxd3 43. Bf3 c5 0-1

[Event "Hastings Masters"]
[Site "Hastings, England"]
[Date "2012.12.28"]
[Round "1"]
[White "Maroroa, Sue"]
[Black "Shierlaw, Hamish"]
[Result "1-0"]
[WhiteElo "2037"]
[BlackElo "1582"]
[PlyCount "45"]
[EventDate "2012.??.??"]

1. e4 e5 2. Nf3 d6 3. d4 exd4 4. Nxd4 Nf6 5. Nc3 Be7 6. g3 O-O 7. Bg2 Re8 8.
O-O c6 9. h3 Be6 10. b3 Nbd7 11. f4 Nb6 12. Bb2 Qc7 13. Kh1 Rad8 14. g4 h6 15.
g5 hxg5 16. fxg5 Nh7 17. g6 Nf8 18. Nxe6 fxe6 19. Rf7 Qb8 20. Nd5 Bf6 21. Nxf6+
gxf6 22. Qh5 Rd7 23. Bxf6 1-0

[Event "Hastings Masters"]
[Site "Hastings, England"]
[Date "2012.12.28"]
[Round "1"]
[White "Reuben, Stuart"]
[Black "Haria, Ravi"]
[Result "1-0"]
[WhiteElo "2045"]
[BlackElo "2032"]
[PlyCount "207"]
[EventDate "2012.??.??"]

1. c4 Nf6 2. Nc3 c5 3. g3 d5 4. cxd5 Nxd5 5. Bg2 Nc7 6. d3 e5 7. f4 exf4 8.
Bxf4 Ne6 9. Nh3 Nxf4 10. Nxf4 Bd6 11. O-O O-O 12. Ne4 Be5 13. Qc2 Na6 14. e3
Bxf4 15. gxf4 Bf5 16. Rad1 Qe7 17. Rfe1 Rac8 18. Ng3 Bg4 19. Rd2 h5 20. Qb3 Nb4
21. a3 Nc6 22. Ne4 b6 23. Qc3 Rfd8 24. Ng5 Nd4 25. Rf2 Ne6 26. h3 Bf5 27. e4
Bh7 28. Nxe6 Qxe6 29. f5 Qd6 30. Rd2 Qg3 31. Rdd1 Rd4 32. Qd2 c4 33. Qf2 Qxf2+
34. Kxf2 cxd3 35. Ke3 Rcd8 36. Rd2 g6 37. fxg6 Bxg6 38. Red1 f5 39. Rxd3 f4+
40. Ke2 Rxd3 41. Rxd3 Rc8 42. Rd2 Re8 43. Rd4 Rc8 44. Kd3 Rc1 45. Ke2 Rc2+ 46.
Rd2 Rxd2+ 47. Kxd2 Kf7 48. Kd3 Kf6 49. Kd4 Kg5 50. Ke5 h4 51. Bf3 Be8 52. b4
Bd7 53. Bg2 Bb5 54. Bf3 Bf1 55. Bg4 Bg2 56. Kd4 Kf6 57. e5+ Ke7 58. Kd3 Bc6 59.
Ke2 Kd8 60. Kf2 Ke7 61. Ke2 Kf7 62. Kf2 Kg6 63. Ke2 Kg5 64. Kf2 Be4 65. Ke2 Bf5
66. Kf3 Bc2 67. Kf2 b5 68. Ke2 Bf5 69. Kf3 Bc2 70. Kf2 a6 71. Bc8 Bf5 72. e6
Kf6 73. Kf3 Ke7 74. Kxf4 Bxh3 75. Bxa6 Bf1 76. a4 Kxe6 77. a5 Kd6 78. Bc8 Kc7
79. Bf5 Bg2 80. Kg4 h3 81. Kg3 Bb7 82. Bxh3 Kd6 83. Kf4 Ba6 84. Ke4 Bb7+ 85.
Kd4 Ba6 86. Bf1 Kc6 87. Ke5 Bc8 88. Bg2+ Kc7 89. Be4 Bd7 90. Kd5 Kb8 91. Kc5
Ka7 92. Bc6 Bc8 93. Bxb5 Bf5 94. Bc4 Bd7 95. Bd5 Ka6 96. Bc6 Bf5 97. Bf3 Bd3
98. Bd5 Bf5 99. Bc4+ Ka7 100. b5 Bc8 101. Kc6 Bb7+ 102. Kc7 Ka8 103. b6 Ba6
104. Bd5+ 1-0